|
|
|
|
| LEADER |
01434nam a2200349 a 4500 |
| 001 |
EBC3398998 |
| 003 |
MiAaPQ |
| 005 |
20200520144314.0 |
| 006 |
m o d | |
| 007 |
cr cn||||||||| |
| 008 |
130426s1995 fr a sb 100 0 fre d |
| 020 |
|
|
|z 2853624145
|
| 020 |
|
|
|z 9782853624145
|
| 020 |
|
|
|z 9782759207046 (e-book)
|
| 035 |
|
|
|a (MiAaPQ)EBC3398998
|
| 035 |
|
|
|a (Au-PeEL)EBL3398998
|
| 035 |
|
|
|a (CaPaEBR)ebr10686517
|
| 035 |
|
|
|a (OCoLC)923343376
|
| 040 |
|
|
|a MiAaPQ
|c MiAaPQ
|d MiAaPQ
|
| 050 |
|
4 |
|a S494.5.A45
|b C65 1994
|
| 111 |
2 |
|
|a Colloque Agriculteurs, agricultures et forets
|d (1994 :
|c Paris)
|
| 245 |
1 |
0 |
|a Agriculteurs, agricultures et forets
|h [electronic resource] :
|b actes du colloque, Paris--12 et 13 decembre 1994 /
|c coordination scientifique, Francis Cailliez ... [et al].
|
| 260 |
|
|
|a Antony [France] :
|b Cemagref-Dicova ;
|a Cachan [France] :
|b TEC et DOC Lavoisier,
|c [1995]
|
| 300 |
|
|
|a 207 p. :
|b ill.
|
| 490 |
1 |
|
|a Actes de colloque
|
| 504 |
|
|
|a Includes bibliographical references.
|
| 533 |
|
|
|a Electronic reproduction. Ann Arbor, MI : ProQuest, 2015. Available via World Wide Web. Access may be limited to ProQuest affiliated libraries.
|
| 650 |
|
0 |
|a Agroforestry
|v Congresses.
|
| 655 |
|
4 |
|a Electronic books.
|
| 710 |
2 |
|
|a ProQuest (Firm)
|
| 830 |
|
0 |
|a Actes de colloque (Antony, France)
|
| 856 |
4 |
0 |
|u https://ebookcentral.proquest.com/lib/matrademy/detail.action?docID=3398998
|z Click to View
|